000 00317nam a2200133Ia 4500
003 SGT
082 _a1.4
_bKOT
100 _aKothari,C.R
245 _aResearch methodology Methods & Techniques
250 _a2nd Ed.
260 _bNew Age International Publication
_aNew Delhi
_c2005
300 _a401p.
942 _2ddc
_cBK
999 _c5627
_d5627